| 000 | 00604nam a2200169 a 4500 | ||
|---|---|---|---|
| 001 | 000036903 | ||
| 005 | 20200930080017.0 | ||
| 008 | 120203s1972 ag 000 0 spa d | ||
| 040 |
_aDO-SdBNP _bspa _cBNPHU |
||
| 100 | 1 |
_aFink, Arthur E. _963293 |
|
| 245 | 1 | 0 |
_aCampos de aplicación del servicio/ social / _cArthur E. Fink , C. Wilson Anderson, Merril B. Conover. |
| 260 |
_aBuenos Aires : _bHvmanitas, _c1972. |
||
| 300 |
_a494 p. ; _c23 cm. |
||
| 500 | _aIncluye referencias bibliográficas y notas al pie de las páginas | ||
| 700 | 1 | 2 |
_aAnderson, C. Wilson _963294 |
| 700 | 1 | 2 |
_aConover, Merril B. _963295 |
| 999 |
_c36393 _d36393 |
||